| 000 | 00764nam a22002057a 4500 | ||
|---|---|---|---|
| 003 | JO-AjAnu | ||
| 005 | 20250723112658.0 | ||
| 008 | 250723b jo ||||| |||| 00| 0 ara d | ||
| 022 | _29789957550417 | ||
| 040 |
_aJO-AjAnu _bara _cJO-AjAnu _dJO-AjAnu _erda |
||
| 041 |
_aara _hara |
||
| 050 |
_aBF199.M86 _b2013 |
||
| 100 | 1 |
_aالمومني، محمد علي _eمؤلف _966623 |
|
| 245 | 0 |
_aدوافع السلوك الانساني بين الاسلام ومدارس علم النفس / _cتأليف محمد علي المومني |
|
| 260 |
_aعمان : _bدار الكتاب الثقافي، _c2013 |
||
| 300 | _a282 صفحة | ||
| 504 | _aيحتوي على فهرس | ||
| 650 | 7 | 0 |
_aالسلوك-علم النفس-الاسلام _966624 |
| 942 |
_2lcc _cBK _n0 |
||
| 999 |
_c33962 _d33962 |
||